000 00821nam a22002057a 4500
942 _cBK
999 _c768
_d768
005 20250420134824.0
008 211116b ||||| |||| 00| 0 eng d
020 _a9780521173780
040 _cKCST
082 _a428.24076
_bCa
110 _aUniversity of Cambridge. Local Examinations Syndicate.
_95567
245 _aCambridge IELTS 8 :
_bexamination papers from University of Cambridge ESOL examinations : with answers /
_cUniversity of Cambridge. Local Examinations Syndicate.
260 _aCambridge:
_bCambridge University Press;
_c2011.
300 _a176 p.
650 _aEnglish language
_vTextbooks for foreign speakers.
_94734
650 _a International English Language Testing System
_vStudy guides.
_95568
650 _aEnglish language
_vExaminations, questions, etc.
_95569
942 _2ddc